000
00227nam a22000857a 4500
008
160708b xxu||||| |||| 00| 0 eng d
100
_9
2468
_a
American Heritage
245
_a
Washington, West Virginia, Wisconsin
260
_a
American
999
_c
2137
_d
2137